Central Library OPAC University of Rajshahi

Proceedings of the 2nd Canadian Conference on General Relativity and Relativistic Astrophysics : (Record no. 70450)

MARC details
000 -LEADER
fixed length control field 01159nam a2200289 a 4500
001 - CONTROL NUMBER
control field 70450
003 - CONTROL NUMBER IDENTIFIER
rucl marc code BD-RjUL
005 - DATE AND TIME OF LATEST TRANSACTION
control field 20211209082012.0
008 - FIXED-LENGTH DATA ELEMENTS--GENERAL INFORMATION
fixed length control field 170417s1988 si a b 100 0 eng
020 ## - INTERNATIONAL STANDARD BOOK NUMBER
International Standard Book Number 9971504316
035 ## - SYSTEM CONTROL NUMBER
System control number (BD-RjUL)70664
040 ## - CATALOGING SOURCE
Original cataloging agency DLC
Transcribing agency DLC
Modifying agency BD-RjUL
Language of cataloging eng
041 ## - LANGUAGE CODE
Language code of text/sound track or separate title eng
082 00 - DEWEY DECIMAL CLASSIFICATION NUMBER
Classification number 523.01
Edition number 23
Author mark and year PRO 1988
111 2# - MAIN ENTRY--MEETING NAME
Meeting name or jurisdiction name as entry element Canadian Conference on General Relativity and Relativistic Astrophysics
Number of part/section/meeting (2nd :
Date of meeting 1987 :
Location of meeting University of Toronto)
9 (RLIN) 208567
245 10 - TITLE STATEMENT
Title Proceedings of the 2nd Canadian Conference on General Relativity and Relativistic Astrophysics :
Remainder of title University of Toronto, 14-16 May 1987 /
Statement of responsibility, etc. [editors], A.A. Coley, C.C. Dyer, B.O.J. Tupper.
260 ## - PUBLICATION, DISTRIBUTION, ETC. (IMPRINT)
Place of publication, distribution, etc. Singapore :
Name of publisher, distributor, etc. World Scientific,
Date of publication, distribution, etc. 1988.
300 ## - PHYSICAL DESCRIPTION
Pagination xxvi, 398 p. :
Illustrations ill. ;
Size 22 cm.
504 ## - BIBLIOGRAPHY, ETC. NOTE
Bibliography, etc Includes bibliographies.
650 #0 - SUBJECT ADDED ENTRY--TOPICAL TERM
Topical term or geographic name as entry element Relativistic astrophysics
General subdivision Congresses.
9 (RLIN) 208568
Topical term or geographic name as entry element General relativity (Physics)
General subdivision Congresses.
9 (RLIN) 208569
700 1# - ADDED ENTRY--PERSONAL NAME
Personal name Coley, A. A.
Personal name Dyer, C. C.
Fuller form of name (Charles Chester),
Dates associated with a name 1946-
Personal name Tupper, B. O. J.
Fuller form of name (Brian Owen Joseph)
942 ## - ADDED ENTRY ELEMENTS (KOHA)
Source of classification or shelving scheme Dewey Decimal Classification
Koha item type Books
Holdings
Lost status Source of classification or shelving scheme Damaged status Not for loan Collection code Permanent Location Current Location Shelving location Date acquired Source of acquisition Cost, normal purchase price Total Checkouts Full call number Date last seen Copy number Koha item type
  Dewey Decimal Classification   Not For Loan Non-fiction Central Library, University of Rajshahi Central Library, University of Rajshahi Reading Room 24/11/1990 Singapore 54.00   523.01 PRO 1988 17/04/2017 C-1 Books